000 00267nam a22000977a 4500
008 240909b |||||||| |||| 00| 0 eng d
020 _a9789360231620
100 _aOswaal
_97599
245 _aCBSE QUESTION PAPER (PHYSICAL EDUCATION)-12
260 _aNew Delhi
_bOswaal
_c2024
999 _c12657
_d12657